<?xml version="1.0" encoding="UTF-8"?>
<record
    xmlns:xsi="http://www.w3.org/2001/XMLSchema-instance"
    xsi:schemaLocation="http://www.loc.gov/MARC21/slim http://www.loc.gov/standards/marcxml/schema/MARC21slim.xsd"
    xmlns="http://www.loc.gov/MARC21/slim">

  <leader>01218nam a2200289Ia 4500</leader>
  <controlfield tag="001">dia_1111</controlfield>
  <controlfield tag="003">CHAP</controlfield>
  <controlfield tag="005">20230120102614.0</controlfield>
  <controlfield tag="008">220117s1969    xx            000 0 und d</controlfield>
  <datafield tag="010" ind1=" " ind2=" ">
    <subfield code="a">171657</subfield>
  </datafield>
  <datafield tag="040" ind1=" " ind2=" ">
    <subfield code="c">CHAP</subfield>
  </datafield>
  <datafield tag="082" ind1=" " ind2=" ">
    <subfield code="a">C 353.972 M49 1970</subfield>
  </datafield>
  <datafield tag="110" ind1=" " ind2=" ">
    <subfield code="a">M&#xE9;xico. Secretar&#xED;a de la Presidencia. Comisi&#xF3;n de Administraci&#xF3;n P&#xFA;blica</subfield>
    <subfield code="9">77194</subfield>
  </datafield>
  <datafield tag="245" ind1=" " ind2=" ">
    <subfield code="a">Manual de Organizaci&#xF3;n del Gobierno Federal 1969-1970  /</subfield>
    <subfield code="c"> Comisi&#xF3;n de Administraci&#xF3;n P&#xFA;blica, Secretar&#xED;a de Presidencia</subfield>
  </datafield>
  <datafield tag="260" ind1=" " ind2=" ">
    <subfield code="a">M&#xE9;xico  :</subfield>
    <subfield code="b"> Talleres Gr&#xE1;ficos de la Naci&#xF3;n,</subfield>
    <subfield code="c">1969</subfield>
  </datafield>
  <datafield tag="300" ind1=" " ind2=" ">
    <subfield code="a">xv, 786 p.</subfield>
  </datafield>
  <datafield tag="503" ind1=" " ind2=" ">
    <subfield code="a">D.</subfield>
  </datafield>
  <datafield tag="590" ind1=" " ind2=" ">
    <subfield code="a">C JF1355 M49 1970</subfield>
  </datafield>
  <datafield tag="650" ind1=" " ind2=" ">
    <subfield code="a">Federal government</subfield>
    <subfield code="x">Mexico</subfield>
    <subfield code="x">Handbooks, manuals, etc.</subfield>
    <subfield code="9">150045</subfield>
  </datafield>
  <datafield tag="650" ind1=" " ind2=" ">
    <subfield code="a">Gobierno Federal</subfield>
    <subfield code="x">Organizaci&#xF3;n</subfield>
    <subfield code="x">M&#xE9;xico</subfield>
    <subfield code="x">Manuales  </subfield>
    <subfield code="9">150046</subfield>
  </datafield>
  <datafield tag="651" ind1=" " ind2=" ">
    <subfield code="a">2. M&#xE9;xico - Pol&#xED;tica y gobierno - 1970-1988 - Manuales \ 4. Mexico - Politics and government - 1970-1988 - Handbooks, manuals, etc.</subfield>
    <subfield code="9">150047</subfield>
  </datafield>
  <datafield tag="710" ind1=" " ind2=" ">
    <subfield code="a">Secretar&#xED;a de la Presidencia. Comisi&#xF3;n de Administraci&#xF3;n P&#xFA;blica (M&#xE9;xico)</subfield>
    <subfield code="9">150048</subfield>
  </datafield>
  <datafield tag="901" ind1=" " ind2=" ">
    <subfield code="a">C 353.972 M49 1970</subfield>
  </datafield>
  <datafield tag="902" ind1=" " ind2=" ">
    <subfield code="a">M</subfield>
  </datafield>
  <datafield tag="905" ind1=" " ind2=" ">
    <subfield code="a">5232271969                          mx i   8225223322spa16</subfield>
  </datafield>
  <datafield tag="942" ind1=" " ind2=" ">
    <subfield code="c">LIBRO</subfield>
    <subfield code="2">ddc</subfield>
  </datafield>
  <datafield tag="999" ind1=" " ind2=" ">
    <subfield code="c">171657</subfield>
    <subfield code="d">171657</subfield>
  </datafield>
  <datafield tag="952" ind1=" " ind2=" ">
    <subfield code="0">0</subfield>
    <subfield code="1">0</subfield>
    <subfield code="2">ddc</subfield>
    <subfield code="4">0</subfield>
    <subfield code="5">1</subfield>
    <subfield code="7">0</subfield>
    <subfield code="8">C</subfield>
    <subfield code="a">IA_</subfield>
    <subfield code="b">IA_</subfield>
    <subfield code="d">2022-01-18</subfield>
    <subfield code="l">0</subfield>
    <subfield code="o">C 353.972 M49 1970</subfield>
    <subfield code="p">dia_000006</subfield>
    <subfield code="r">2022-01-18 00:00:00</subfield>
    <subfield code="t">1</subfield>
    <subfield code="w">2022-01-18</subfield>
    <subfield code="y">LIBRO</subfield>
  </datafield>
</record>
